NLSUI OPAC header image

The world bank : (Record no. 16138)

MARC details
000 -LEADER
fixed length control field 02192nam a2200229Ia 4500
003 - CONTROL NUMBER IDENTIFIER
control field OSt
005 - DATE AND TIME OF LATEST TRANSACTION
control field 20260508095321.0
008 - FIXED-LENGTH DATA ELEMENTS--GENERAL INFORMATION
fixed length control field 160316s2000 xxu||||| |||| 00| 0 eng d
020 ## - INTERNATIONAL STANDARD BOOK NUMBER
International Standard Book Number 0521790956 (hbk.)
082 ## - DEWEY DECIMAL CLASSIFICATION NUMBER
Classification number 332.1532 GIL
245 ## - TITLE STATEMENT
Title The world bank :
Remainder of title Structure and policies /
Statement of responsibility, etc. edited by Christopher L. Gilbert and David Vines
260 ## - PUBLICATION, DISTRIBUTION, ETC.
Place of publication, distribution, etc. Cambridge :
Name of publisher, distributor, etc. Cambridge University Press,
Date of publication, distribution, etc. 2000.
300 ## - PHYSICAL DESCRIPTION
Extent xxiv,335 p. ;
Dimensions 23cm.
365 ## - TRADE PRICE
Price amount RS.1890
505 ## - Contents
Contents Table of contents<br/>List of figures; <br/>List of tables;<br/>List of contributors; <br/>Acknowledgements;<br/>Introduction Joseph E. Stiglitz; <br/>1. The World Bank: an overview of some major issues Christopher L. Gilbert and David Vines; <br/>Part I. The World Bank's Structure: The Bank as an Institution: <br/>2. Positioning the World Bank Christopher L. Gilbert, Andrew Powell and David Vines; <br/>3. The World Bank and poverty reduction: past, present and future Ravi Kanbur and David Vines; <br/>4. Why the World Bank should be involved in development research Lyn Squire; <br/>5. The challenges of multilateralism and governance Ngaire Woods; <br/>Part II. The Effectiveness of World Bank Assistance: <br/>6. The World Bank and structural adjustment: lessons from the 1980s Francisco H. G. Ferreira and Louise C. Keely; <br/>7. The implications of foreign aid fungibility for development assistance Shantayanan Devarajan and Vinya Swaroop; <br/>8. Aid, growth, the incentive regime and poverty reduction Craig Burnside and David Dollar; <br/>9. How policies and institutions affect project performance: microeconomic evidence on aid, policies and investment productivity Jonathan Isham and Daniel Kaufmann; <br/>10. Increasing aid effectiveness in Africa? The World Bank and sector investment programmes Stephen Jones; <br/>11. The World Bank, conditionality and the Comprehensive Development Framework Raul Hopkins, Andrew Powell, Amlan Roy and Christopher L. Gilbert; <br/>12. Conditionality, dependence and coordination: three current debates in aid policy Paul Collier; <br/>Index.
650 ## - SUBJECT ADDED ENTRY--TOPICAL TERM
Topical term or geographic name entry element Financial Economics
650 ## - SUBJECT ADDED ENTRY--TOPICAL TERM
Topical term or geographic name entry element World Bank
650 ## - SUBJECT ADDED ENTRY--TOPICAL TERM
Topical term or geographic name entry element Policies
700 ## - ADDED ENTRY--PERSONAL NAME
Personal name Gilbert, Christopher L.
--
700 ## - ADDED ENTRY--PERSONAL NAME
Personal name Vines, David
942 ## - ADDED ENTRY ELEMENTS (KOHA)
Source of classification or shelving scheme Dewey Decimal Classification
Koha item type BOOKs
Holdings
Withdrawn status Lost status Damaged status Not for loan Home library Current library Shelving location Date acquired Cost, normal purchase price Total Checkouts Full call number Barcode Date last seen Price effective from Koha item type
        NLS NLS   30/05/2017 1890.00   332.1532 GIL 16033 30/05/2017 30/05/2017 BOOKs